[Event "Styrian op U08/12 27th"]
[Site "Mureck"]
[Date "2021.08.05"]
[Round "2"]
[White "Baurecht, Roman"]
[Black "Poetscher, Katharina"]
[Result "0-1"]
[WhiteElo "1177"]
[BlackElo "998"]
[PlyCount "92"]
[EventDate "2021.08.04"]
[EventType "swiss"]
[EventRounds "9"]
[EventCountry "AUT"]
[SourceTitle "EXT 2022"]
[Source "ChessBase"]
[SourceDate "2021.10.06"]
[SourceVersion "1"]
[SourceVersionDate "2021.10.06"]
[SourceQuality "1"]

1. e4 e6 2. Nf3 d5 3. Nc3 Nf6 4. e5 Nfd7 5. d4 c5 6. dxc5 Bxc5 7. Bb5 0-0 8. Bg5 Qb6 9. 0-0 Nc6 10. a3 Ncxe5 11. Nxe5 Nxe5 12. b4 Bd6 13. Kh1 Qc7 14. Qd2 Bd7 15. f4 Nc4 16. Bxc4 Qxc4 17. Qe3 Rfc8 18. Rf3 d4 19. Qd3 Qxc3 20. Qxc3 Rxc3 21. Rxc3 dxc3 22. Rd1 Bxf4 23. Bxf4 Ba4 24. Rd7 Bxd7 25. Kg1 Ba4 26. Be5 Bxc2 27. Bxc3 f5 28. Kf2 Kf7 29. Ke3 Be4 30. g3 g5 31. h4 gxh4 32. gxh4 Kg6 33. Kf4 a6 34. a4 Rc8 35. Be1 Rc4 36. a5 Kf6 37. Kg3 e5 38. Bd2 f4+ 39. Kg4 h6 40. Kh3 h5 41. Kh2 Kf5 42. Kg1 Kg4 43. Be1 Rc1 44. Kf1 Rb1 45. Ke2 f3+ 46. Kf1 Bc6 0-1

[Event "AUT-ch U10"]
[Site "St Kanzian"]
[Date "2019.06.22"]
[Round "4"]
[White "Baurecht, Roman"]
[Black "Haselsberger, Armin"]
[Result "0-1"]
[WhiteElo "1111"]
[BlackElo "1130"]
[PlyCount "84"]
[EventDate "2019.06.21"]
[EventType "swiss"]
[EventRounds "7"]
[EventCountry "AUT"]
[SourceTitle "CBM 191 Extra"]
[Source "ChessBase"]
[SourceDate "2019.09.30"]
[SourceVersion "1"]
[SourceVersionDate "2019.09.30"]
[SourceQuality "1"]

1. e4 c6 2. d4 d5 3. f3 e6 4. Bd3 Be7 5. Nc3 c5 6. Be3 cxd4 7. Bxd4 Nc6 8. Bxg7 Bf6 9. Bxh8 Bxh8 10. Qd2 Bxc3 11. Qxc3 Nf6 12. e5 Nd7 13. f4 h6 14. 0-0-0 Qb6 15. Nf3 Nc5 16. Kb1 Na4 17. Qa3 Nc5 18. Bh7 Bd7 19. Nd4 Nxd4 20. Rxd4 Ne4 21. Rhd1 Qc6 22. Bxe4 dxe4 23. Qd6 Qxd6 24. Rxd6 Bc6 25. g4 Ke7 26. g5 hxg5 27. fxg5 Kf8 28. h4 Kg7 29. h5 Rh8 30. Rh1 e3 31. h6+ Kg6 32. Re1 Kxg5 33. Rxe3 Rxh6 34. b3 Kf5 35. Rd8 Kf4 36. Re1 Rh5 37. Rf8 Rh7 38. Rxf7+ Rxf7 39. Rf1+ Bf3 40. c4 Kxe5 41. Kc2 Be4+ 42. Kc3 Rxf1 0-1

[Event "AUT-ch U10"]
[Site "St Kanzian"]
[Date "2019.06.21"]
[Round "2"]
[White "Baurecht, Roman"]
[Black "Siedler, Gabriel"]
[Result "0-1"]
[WhiteElo "1111"]
[BlackElo "977"]
[PlyCount "66"]
[EventDate "2019.06.21"]
[EventType "swiss"]
[EventRounds "7"]
[EventCountry "AUT"]
[SourceTitle "CBM 191 Extra"]
[Source "ChessBase"]
[SourceDate "2019.09.30"]
[SourceVersion "1"]
[SourceVersionDate "2019.09.30"]
[SourceQuality "1"]

1. e4 e5 2. Nf3 Nc6 3. Bc4 Bc5 4. b4 Bb6 5. b5 Na5 6. Bb3 d6 7. d4 exd4 8. Nxd4 Qf6 9. Nf3 Qxa1 10. Bd2 Bg4 11. Bc3 Bxf3 12. Bxa1 Bxd1 13. Bxg7 Bg4 14. Bxh8 0-0-0 15. 0-0 Nh6 16. Bg7 Ng8 17. Bxf7 Rd7 18. Bxg8 Rxg7 19. Bd5 c6 20. bxc6 bxc6 21. Bb3 Nxb3 22. axb3 Bh3 23. g3 Bxf1 24. Kxf1 Rf7 25. Kg2 Rxf2+ 26. Kh3 Rxc2 27. g4 Kd7 28. Kh4 Rxh2+ 29. Kg5 Bd8+ 30. Kf4 Ke6 31. Kg3 Rh6 32. Kf4 Rg6 33. Kg3 h5 0-1